Statistics for Notable Companies by Initials 2

Click here to take the quiz!

General Stats

  • This quiz has been taken 20 times
    (7 since last reset)
  • The average score is 5 of 15

Answer Stats

HintAnswer% Correct
KFCKentucky Fried Chicken
100%
BPBritish Petroleum
80%
ABCAmerican Broadcasting Company
60%
DKNYDonna Karan New York
60%
UPSUnited Parcel Service
60%
TBSTurner Broadcasting System
40%
UFCUltimate Fighting Championship
40%
GEICOGovernment Employees Insurance Company
40%
GNCGeneral Nutrition Corporation
20%
BB&TBranch Banking & Trust
0%
CVSConvenience Value Service
0%
AFLACAmerican Family Life Assurance Company of Columbus
0%
ESPNEntertainment and Sports Programming Network
0%
RCARadio Corporation of America
0%
FIFAFédération Internationale de Football Association
0%

Score Distribution

Percentile by Number Answered

Percent of People with Each Score

Your Score History

You have not taken this quiz since the last reset